| 000 | 01162cam a22001575i 4500 | ||
|---|---|---|---|
| 999 |
_c6091 _d6091 |
||
| 020 | _a9789964632541 | ||
| 050 | _aKRX3570 .M34 | ||
| 100 | 1 | _aMarful-Sau, Samuel, | |
| 245 | 1 | 2 |
_aA practical guide to civil procedure in Ghana / _cSamuel Marful-Sau. |
| 260 |
_aAccra _bAdwinsa Publications Ltd _c2017 |
||
| 300 |
_axxvii, 235 pages ; _c22 cm |
||
| 500 | _aIncludes index. | ||
| 505 | _aStructure of courts in Ghana. What is civil procedure. Commencement of a civil action. Appearance - order 9 of CI 47. Pleading - order 11 of CI 47. Amendments - order 16. Joinder of causes of action and parties. Admissions, discontinuance, discovery and inspection and interrogatories. Affidavits, applications, summary judgment and application for directions. Trials - order 33, 34, 36 and 38 of CI 47 as amended by CI 87. Enforcement of judgments. Appeals and application for review. Probate and administration of estate - order 66. Matrimonial causes - order 65 of CI 47. Application for judicial review and third party proceedings. Adjudication of election disputes. Application of witness statements in civil proceedings. | ||
| 650 | _aCivil procedure--Ghana. | ||
| 942 | _cBK | ||